Leadership Education 400 : (Record no. 265921)
[ view plain ]
| 000 -LEADER | |
|---|---|
| fixed length control field | 00811nam a22002417a 4500 |
| 003 - CONTROL NUMBER IDENTIFIER | |
| control field | OSt |
| 005 - DATE AND TIME OF LATEST TRANSACTION | |
| control field | 20260218124925.0 |
| 008 - FIXED-LENGTH DATA ELEMENTS--GENERAL INFORMATION | |
| fixed length control field | 260218b |||||||| |||| 00| 0 eng d |
| 020 ## - INTERNATIONAL STANDARD BOOK NUMBER | |
| International Standard Book Number | 9780536563286 |
| International Standard Book Number | 0536563284 |
| 040 ## - CATALOGING SOURCE | |
| Original cataloging agency | RU |
| Language of cataloging | eng |
| Transcribing agency | RU |
| Description conventions | rda |
| 050 ## - LIBRARY OF CONGRESS CALL NUMBER | |
| Classification number | HD31 |
| Item number | .R63 2008 |
| 100 ## - MAIN ENTRY--PERSONAL NAME | |
| Personal name | Robbins, Stephen P. |
| Relator term | Author |
| 245 ## - TITLE STATEMENT | |
| Title | Leadership Education 400 : |
| Remainder of title | Principles of Management / |
| Statement of responsibility, etc | Stephen P. Robbins, David A. DeCenzo, Mary L. Tucker, Anne M. McCarthy, Douglas A. Benton. |
| 250 ## - EDITION STATEMENT | |
| Edition statement | 1st Edn. |
| 260 ## - PUBLICATION, DISTRIBUTION, ETC. (IMPRINT) | |
| Name of publisher, distributor, etc | Pearson Custom Publishing, |
| Date of publication, distribution, etc | 2008. |
| 300 ## - PHYSICAL DESCRIPTION | |
| Extent | xiii,391pages |
| Other physical details | ill. col. |
| 504 ## - BIBLIOGRAPHY, ETC. NOTE | |
| Bibliography, etc | Includes bibliographical references. |
| 650 ## - SUBJECT ADDED ENTRY--TOPICAL TERM | |
| Topical term or geographic name as entry element | Management. |
| Topical term or geographic name as entry element | Leadership in education. |
| Topical term or geographic name as entry element | Junior Reserve Officer Training Corps (U.S.) |
| 942 ## - ADDED ENTRY ELEMENTS (KOHA) | |
| Source of classification or shelving scheme | Library of Congress Classification |
| Koha item type | Long Loan Books |
| Withdrawn status | Lost status | Source of classification or shelving scheme | Damaged status | Not for loan | Collection code | Home library | Current library | Shelving location | Date acquired | Source of acquisition | Total Checkouts | Full call number | Barcode | Date last seen | Price effective from | Koha item type |
|---|---|---|---|---|---|---|---|---|---|---|---|---|---|---|---|---|
| Library of Congress Classification | Non-fiction | Rongo University Library | Rongo University Library | General Stacks | 18/02/2026 | Books for Africa, Donation | HD31 .R63 2008 | 20261427 | 18/02/2026 | 18/02/2026 | Long Loan Books |
